| 000 | 00736nam a2200193Ia 4500 | ||
|---|---|---|---|
| 003 | 0 | ||
| 005 | 20250131071124.0 | ||
| 008 | 150126s9999 xx 000 0 und d | ||
| 050 |
_aPHS LB 1049 _b.K49 2014 |
||
| 100 | _aKim, Jun Hyuk. | ||
| 245 |
_aStudy habits between Korean and Filipino students of Southville International School and Colleges / _cKim Jun Hyuk. |
||
| 260 |
_aLas PiƱas City, Philippines : _bSouthville International School and Colleges, _c2014. |
||
| 300 |
_a33 pages : _billustration ; _c28 cm. |
||
| 504 | _aIncludes bibliographical references. | ||
| 650 |
_aStudy skills _vCross-cultural studies. |
||
| 650 |
_aStudy habits _vKorean students. |
||
| 650 |
_aStudy habits _vFilipino students. |
||
| 942 |
_2lcc _cPASS |
||
| 999 |
_c278697 _d278697 |
||